000
00326nam a2200133 a 4500
005
20141022142008.0
008
120228s19uu xx 00 eng d
050
_a
CD-ROM
_b
B59 2000
100
_a
Blanchard, Olivier
245
_a
Macroeconomics /
_c
Olivier Blanchard.
250
_a
3rd ed.
260
_c
2000.
942
_c
AVM
999
_c
276628
_d
276628